00372nam a22001337a 4500003000900000005001700009007000300026008004100029040002500070082001400095245003800109260006500147300002600212DO-SdBNP20220208132523.0ta220208b1962 ||||| |||| 00| 0 spa d aDO-SdBNPbspacBNPHU axxxbC569 aCien años de pintura en Francia aCaracas,Venezuela :bMuseo de Bellas Artes de Caracas,c1962 a147 p :bil. ;c22 cm